Me chifla la poesía (Record no. 67629)

MARC details
000 -LEADER
campo de control de longitud fija 00881nam a22002537i 4500
001 - NÚMERO DE CONTROL
campo de control 67629
003 - IDENTIFICADOR DE NÚMERO DE CONTROL
campo de control ES-MaACL
005 - FECHA Y HORA DE LA ÚLTIMA TRANSACCIÓN
campo de control 20250829123441.0
007 - CAMPO FIJO DE DESCRIPCIÓN FÍSICA--INFORMACIÓN GENERAL
campo de control de longitud fija t|
008 - DATOS DE LONGITUD FIJA--INFORMACIÓN GENERAL
campo de control de longitud fija 040608s2003 sp ||||0| spa d
020 ## - NÚMERO INTERNACIONAL ESTÁNDAR DEL LIBRO
Número Internacional Estándar del Libro 84-95700-38-7
040 ## - FUENTE DE CATALOGACIÓN
Centro catalogador/agencia de origen M-BN
Lengua de catalogación spa
Centro/agencia transcriptor M-BN
080 ## - NÚMERO DE LA CLASIFICACIÓN DECIMAL UNIVERSAL
Número de la Clasificación Decimal Universal 821.134.2.09(07)
245 00 - MENCIÓN DEL TÍTULO
Título Me chifla la poesía
Resto del título : antología poética y didáctica : E.S.O.-Bachillerato /
Mención de responsabilidad, etc. edición de Manuel Aparicio Burgos, Isabel Cristina Allegretto.
250 ## - MENCION DE EDICION
Mención de edición 1ª ed.
260 ## - PUBLICACIÓN, DISTRIBUCIÓN, ETC.
Lugar de publicación, distribución, etc. Salamanca :
Nombre del editor, distribuidor, etc. Centro de Estudios Literarios y de Arte de Castilla y León,
Fecha de publicación, distribución, etc. 2003.
300 ## - DESCRIPCIÓN FÍSICA
Extensión 355 p. ;
Dimensiones 21 cm.
490 1# - MENCIÓN DE SERIE
Mención de serie Colección Didáctica ;
Designación de volumen o secuencia 1
700 1# - ENTRADA AGREGADA--NOMBRE PERSONAL
Nombre de persona Aparicio Burgos, Manuel.
9 (RLIN) 22060
700 1# - ENTRADA AGREGADA--NOMBRE PERSONAL
Nombre de persona Allegretto, Isabel Cristina.
9 (RLIN) 19970
830 00 - PUNTO DE ACCESO ADICIONAL DE SERIE-TÍTULO UNIFORME
Título uniforme Colección didáctica
Designación de volumen o secuencia 1
9 (RLIN) 230905
852 ## - LOCALIZACIÓN
Ubicación ES-MaACL
Número de control de estantería L-27873
Sublocalización o colección R.133457
Holdings
Estatus retirado Estado de pérdida Estado de daño No para préstamo Biblioteca de origen Biblioteca actual Ubicación en estantería Fecha de adquisición Fuente de adquisición Total de préstamos Signatura topográfica completa Código de barras Visto por última vez Precio de reemplazo Tipo de ítem Koha
        Biblioteca del Ateneo de Madrid Biblioteca del Ateneo de Madrid Depósito 2 17/01/2008     L-27873 1070810 23/02/2023 23/02/2023 Libro impreso